000 00790nam a2200265 a 4500
001 1509
003 UkOxU
005 20211208233341.0
008 500101s1955 nyua 001 0 eng d
035 _a(BD_RjUL)1532
040 _aDLC
_cSNN
_dOCL/m.c/SER/EUX
_dBD-RjUL
_beng
041 _aeng
082 _a539.7
_bGRN 1955
100 1 _aGreen, Alex Edward Samuel,
_d1919-
_9192
245 1 0 _aNuclear physics /
_cAlex E. S. Green.
260 _aNew York ; London :
_bMcGraw-Hill,
_c1955.
300 _a535 p :
_bill. ;
_c24 cm.
490 1 _aInternational series in pure and applied physics
526 _bphysics
650 0 _aNuclear physics.
_9193
830 0 _aInternational series in pure and applied physics
_9194
942 _2ddc
_cBK
999 _c1509
_d1509